00385nam a2200157Ia 45000010006000000050017000060080041000230410008000640820018000721000036000902450048001262600009001743000028001836500008002116540008002191577720260306170221.0260306t2009||||xx |||||||||||||| ||und|| aESP a620.0042bG23 aGarcía Melón, MónicaeAUT 0aFundamentos del diseño en la ingeniería c2009 a373 páginas :c24 cm. aGEN aCII